000 01506nam2a2200265 4500
001 rc\2656847
005 20260315043459.0
035 _a(NLR Aleph) 006964061
090 _a13564928
_c13564928
100 _a20110615d1932 u y0rusy50 ca
101 0 _arus
102 _aRU
105 _aa z |||||
200 0 _aЗадание № 1
_fСоставил М.В. Дьяченко
_gПод ред. С.С. Лаврентьева
210 _d[1932]
215 _a11 с.
_cил.
300 _aПеред текстом загл.: "Задание по физике № 1"
461 0 _1001rc\2656843
_12000#$aФизика$eЗадание № 1-$fБюро по заоч. докумвузовской подготовке при Акад. ком. воспитания им. Н.К. Крупской ...$vЗадание № 1
_95373817
_aЛенинградский коммунистический педагогический институт им. Н.К. Крупской. Заочный бюро по докумвузовской подготовке
_c[Москва]
_dБ. г.
_fБюро по заоч. докумвузовской подготовке при Акад. ком. воспитания им. Н.К. Крупской ...
_nБ. и.
_oЗадание № 1-
_tФизика
_vЗадание № 1
702 1 _aДьяченко
_bМ.В.
_4220
702 1 _aЛаврентьев
_bС.С.
_4340
801 0 _aRU
_bNLR
_gpsbo
801 1 _aRU
_bELAR
_2rusmarc
852 _aNLR
_j32-17/691
942 _cUNSPEC
980 _aNB